[Event "Khanty-Mansiysk Governor Cup 20th"]
[Site "Khanty-Mansiysk"]
[Date "2024.11.10"]
[Round "6"]
[White "Kleymenova, Valeria"]
[Black "Kazakov, Vadim"]
[Result "1-0"]
[WhiteElo "2035"]
[BlackElo "2044"]
[PlyCount "75"]
[EventDate "2024.11.05"]
[EventType "swiss"]
[EventRounds "9"]
[EventCountry "RUS"]
[SourceTitle "CB47_2024"]
[SourceDate "2024.11.20"]
[SourceVersion "1"]
[SourceVersionDate "2024.11.20"]
[SourceQuality "1"]

1. d4 d5 2. c4 e6 3. Nf3 Nf6 4. g3 Bb4+ 5. Nbd2 dxc4 6. Bg2 0-0 7. a3 Bxd2+ 8. Bxd2 a6 9. Qc2 b5 10. Ng5 Ra7 11. Bb4 Re8 12. Bc5 Bb7 13. Ne4 Nbd7 14. Bxa7 Qa8 15. Nxf6+ Nxf6 16. Bxb7 Qxb7 17. 0-0 Qxa7 18. Rfd1 h5 19. Rac1 h4 20. b3 Rd8 21. bxc4 h3 22. cxb5 axb5 23. Qxc7 Qa8 24. f3 Nd5 25. Qc5 Qa4 26. Rd3 Rb8 27. e4 Nf6 28. Qb4 Qa8 29. Rdc3 Rd8 30. Qe7 Kh7 31. Qxf7 Qa4 32. Qxe6 Qxd4+ 33. Kf1 Rf8 34. Qxh3+ Kg8 35. Qe6+ Kh7 36. Qf5+ Kh6 37. Qf4+ Kh7 38. Qe3 1-0

[Event "Khanty-Mansiysk Governor Cup 20th"]
[Site "Khanty-Mansiysk"]
[Date "2024.11.09"]
[Round "5"]
[White "Kazakov, Vadim"]
[Black "Novoselov, Alexander"]
[Result "1-0"]
[WhiteElo "2044"]
[BlackElo "2174"]
[PlyCount "107"]
[EventDate "2024.11.05"]
[EventType "swiss"]
[EventRounds "9"]
[EventCountry "RUS"]
[SourceTitle "CB47_2024"]
[SourceDate "2024.11.20"]
[SourceVersion "1"]
[SourceVersionDate "2024.11.20"]
[SourceQuality "1"]

1. d4 d5 2. c4 e5 3. dxe5 d4 4. Nf3 Nc6 5. g3 Nge7 6. Bg2 Ng6 7. Bg5 Be7 8. Bxe7 Qxe7 9. 0-0 Qc5 10. Nbd2 0-0 11. Nb3 Qxc4 12. Rc1 Qe6 13. Nfxd4 Qxe5 14. Nxc6 bxc6 15. Rxc6 Rb8 16. Qc2 Be6 17. Rxc7 Qb5 18. Rxa7 Bxb3 19. axb3 Qxb3 20. Qxb3 Rxb3 21. Rb1 Rd8 22. Ra8 Rxa8 23. Bxa8 Ne5 24. Bd5 Rb5 25. e4 g5 26. Kf1 g4 27. Ke2 Kg7 28. Kd2 f5 29. b4 Kf6 30. Kc3 fxe4 31. Bxe4 h5 32. Bd3 Rb8 33. Be2 Ke6 34. b5 Rc8+ 35. Kd2 Rd8+ 36. Ke3 Ra8 37. b6 Ra3+ 38. Kd2 Ra2+ 39. Ke1 Ra8 40. b7 Rb8 41. Rb5 Kd6 42. Kd2 Nd7 43. Rxh5 Rxb7 44. Rb5 Ra7 45. Bxg4 Ne5 46. Be2 Ra3 47. Rb2 Nc6 48. h4 Ke5 49. Bg4 Nd4 50. Rb1 Ra4 51. Bd1 Ra2+ 52. Ke1 Ke4 53. Kf1 Nf5 54. Bb3 1-0

[Event "RUS-chT Rapid"]
[Site "Sochi"]
[Date "2024.10.18"]
[Round "1.11"]
[White "Kazakov, Vadim"]
[Black "Smirnov, Pavel"]
[Result "1-0"]
[WhiteElo "2085"]
[BlackElo "2482"]
[PlyCount "55"]
[EventDate "2024.10.18"]
[EventType "team-swiss (rapid)"]
[EventRounds "9"]
[EventCountry "RUS"]
[SourceTitle "CB43_2024"]
[Source "Chessbase"]
[SourceDate "2024.10.23"]
[SourceVersion "1"]
[SourceVersionDate "2024.10.23"]
[SourceQuality "1"]
[WhiteTeam "Novosibirsk Region"]
[BlackTeam "Moscow Region"]
[WhiteTeamCountry "RUS"]
[BlackTeamCountry "RUS"]

1. Nf3 Nf6 2. c4 e6 3. Nc3 c5 4. d4 cxd4 5. Nxd4 Bb4 6. g3 0-0 7. Bg2 Nc6 8. 0-0 a6 9. Nb3 b6 10. Be3 Bb7 11. Na4 b5 12. Nac5 Bc8 13. cxb5 axb5 14. a3 Bxc5 15. Bxc5 Re8 16. Nd4 Nxd4 17. Bxa8 Nf5 18. Bg2 d5 19. Qd3 Ba6 20. Rfd1 Nd7 21. Rac1 Nxc5 22. Rxc5 Nd6 23. e4 Qb6 24. b4 Nxe4 25. Bxe4 dxe4 26. Qd7 Qb8 27. Rd6 Bb7 28. Rc7 1-0

[Event "Khanty-Mansiysk Governor Cup Rapid"]
[Site "Khanty-Mansiysk"]
[Date "2023.11.28"]
[Round "10"]
[White "Triapishko, Alexandr"]
[Black "Kazakov, Vadim"]
[Result "1-0"]
[WhiteElo "2499"]
[BlackElo "1995"]
[PlyCount "107"]
[EventDate "2023.11.26"]
[EventType "swiss (rapid)"]
[EventRounds "11"]
[EventCountry "RUS"]
[SourceTitle "CBM 217 Extra"]
[Source "ChessBase"]
[SourceDate "2024.01.31"]
[SourceVersion "1"]
[SourceVersionDate "2024.01.31"]
[SourceQuality "1"]

1. Nf3 d5 2. g3 c6 3. Bg2 Bg4 4. c4 e6 5. 0-0 Nd7 6. cxd5 cxd5 7. Nc3 Ngf6 8. h3 Bh5 9. d3 Be7 10. e4 d4 11. Ne2 Bxf3 12. Bxf3 e5 13. Bd2 0-0 14. b4 b6 15. Qb3 a5 16. a3 axb4 17. axb4 Qb8 18. Bg2 Qb7 19. Nxd4 Rxa1 20. Rxa1 exd4 21. e5 Qc7 22. exf6 Nxf6 23. Rc1 Qd7 24. Qc4 b5 25. Qc7 Bd6 26. Qxd7 Nxd7 27. Rc6 Bb8 28. f4 Re8 29. Kf2 g6 30. Ra6 Rc8 31. Ra5 Rc2 32. Ke1 Bd6 33. Rxb5 Nf6 34. Rb6 Be7 35. g4 Kg7 36. Rc6 Rb2 37. Rc4 Ne8 38. Rxd4 Nd6 39. Rd5 Rb1+ 40. Ke2 Nc8 41. f5 Rb2 42. Kd1 Bxb4 43. Bxb4 Rxb4 44. Be4 Nb6 45. Rd6 Na4 46. Rc6 Rb1+ 47. Kd2 Rb2+ 48. Ke3 Rh2 49. f6+ Kh6 50. Kf4 Rxh3 51. Rc7 Nb2 52. Rxf7 g5+ 53. Ke5 Nxd3+ 54. Kd4 1-0

[Event "Khanty-Mansiysk Governor Cup 19th"]
[Site "Khanty-Mansiysk"]
[Date "2023.11.18"]
[Round "2"]
[White "Belyakov, Bogdan"]
[Black "Kazakov, Vadim"]
[Result "1/2-1/2"]
[WhiteElo "2415"]
[BlackElo "1995"]
[PlyCount "136"]
[EventDate "2023.11.17"]
[EventType "swiss"]
[EventRounds "9"]
[EventCountry "RUS"]
[SourceTitle "CBM 217 Extra"]
[Source "ChessBase"]
[SourceDate "2024.01.31"]
[SourceVersion "1"]
[SourceVersionDate "2024.01.31"]
[SourceQuality "1"]

1. e4 c5 2. Nf3 d6 3. Nc3 a6 4. d4 cxd4 5. Nxd4 Nf6 6. Bc4 e6 7. Bb3 b5 8. 0-0 Be7 9. f4 0-0 10. Be3 Qc7 11. f5 b4 12. Na4 e5 13. Ne2 Nbd7 14. Ng3 Bb7 15. Qf3 Bc6 16. a3 a5 17. Rfe1 Qb7 18. Bg5 Rfe8 19. Kh1 h6 20. Bxf6 Nxf6 21. Nh5 Nxh5 22. Qxh5 Rf8 23. Re3 Bf6 24. Qg4 Rad8 25. Rae1 bxa3 26. bxa3 d5 27. Bxd5 Bxd5 28. exd5 Qxd5 29. Nc3 Qc6 30. Ne4 Rfe8 31. h3 Kh8 32. c4 Rd4 33. c5 Bg5 34. R3e2 Be7 35. Qh5 Rf8 36. Re3 a4 37. Qf3 Rfd8 38. Rb1 Qd5 39. Kh2 Rc8 40. Qe2 Qd7 41. f6 Bxf6 42. Nxf6 gxf6 43. Qh5 Kh7 44. Rf3 Rf4 45. Rxf4 exf4 46. Rb6 Rg8 47. Rd6 Qe7 48. Qf5+ Rg6 49. Rd7 Qe8 50. c6 Kg7 51. Qd5 Rg5 52. Qf3 Qe1 53. Rd3 Rg3 54. Qd1 Qxd1 55. Rxd1 Rc3 56. Rd4 Rxc6 57. Rxa4 Rc3 58. Rxf4 Rxa3 59. Rg4+ Kh7 60. Rf4 Ra6 61. Rb4 f5 62. Kg3 Kg6 63. Rb7 h5 64. Rc7 Ra3+ 65. Kf2 Ra4 66. Kf3 Rb4 67. Ra7 Rb3+ 68. Kf2 Rb2+ 1/2-1/2

[Event "Satka Autumn"]
[Site "Satka"]
[Date "2023.08.31"]
[Round "3"]
[White "Kazakov, Vadim"]
[Black "Ovod, Evgenija"]
[Result "1/2-1/2"]
[WhiteElo "1964"]
[BlackElo "2259"]
[PlyCount "64"]
[EventDate "2023.08.29"]
[EventType "swiss"]
[EventRounds "9"]
[EventCountry "RUS"]
[SourceTitle "CBM 216 Extra"]
[Source "ChessBase"]
[SourceDate "2023.11.30"]
[SourceVersion "1"]
[SourceVersionDate "2023.11.30"]
[SourceQuality "1"]

1. d4 d5 2. c4 e6 3. Nf3 Nf6 4. g3 Be7 5. Bg2 0-0 6. 0-0 dxc4 7. Qc2 a6 8. a4 Bd7 9. Ne5 Bc6 10. Nxc6 Nxc6 11. Bxc6 bxc6 12. Qxc4 Qd5 13. Nd2 Rfd8 14. e3 a5 15. b3 Bb4 16. Ra2 c5 17. Qxd5 Nxd5 18. Nf3 Nc3 19. Rc2 cxd4 20. Nxd4 c5 21. Nc6 Rd6 22. Nxb4 cxb4 23. Bb2 Rc8 24. Rfc1 Rdc6 25. Kf1 e5 26. Bxc3 bxc3 27. e4 f6 28. Ke2 Kf7 29. Kd3 Rd8+ 30. Ke3 Rdc8 31. Kd3 Rd8+ 32. Ke3 Rdc8 1/2-1/2

[Event "Barnaul Kura Memorial"]
[Site "Barnaul"]
[Date "2023.02.25"]
[Round "1"]
[White "Kazakov, Vadim"]
[Black "Dunaevskaya, Alisa"]
[Result "1-0"]
[WhiteElo "2079"]
[BlackElo "1516"]
[PlyCount "111"]
[EventDate "2023.02.25"]
[EventType "swiss (rapid)"]
[EventRounds "11"]
[EventCountry "RUS"]
[SourceTitle "CBM 213 Extra"]
[Source "ChessBase"]
[SourceDate "2023.05.31"]
[SourceVersion "1"]
[SourceVersionDate "2023.05.31"]
[SourceQuality "1"]

1. d4 d6 2. Nf3 Nf6 3. g3 Nbd7 4. Bg2 e5 5. c4 Be7 6. 0-0 0-0 7. Nc3 c6 8. e4 a5 9. h3 h6 10. Be3 Nh7 11. Qd2 a4 12. Rad1 Qc7 13. Qc2 a3 14. b3 Bf6 15. c5 dxc5 16. dxc5 Be7 17. Na4 Ra5 18. Nd2 Ng5 19. Nc4 Ra6 20. Nxa3 Ne6 21. b4 Bg5 22. Nc4 Bxe3 23. fxe3 Ng5 24. Kh2 f6 25. Nc3 b6 26. cxb6 Nxb6 27. Nd2 Qf7 28. a4 Qh5 29. h4 Nf7 30. a5 Nd7 31. Nc4 Qg6 32. Nd6 Nxd6 33. Rxd6 Qh5 34. Rfd1 g5 35. Qe2 Qg6 36. h5 Qe8 37. Bf3 Nb8 38. Bg4 Ra7 39. Qf3 Bxg4 40. Qxg4 Na6 41. Rf1 Qe7 42. Qe6+ Qxe6 43. Rxe6 Nxb4 44. Rfxf6 Rxf6 45. Rxf6 Kg7 46. Rg6+ Kh7 47. Na4 Rxa5 48. Nb6 Ra3 49. Nd7 Ra2+ 50. Kh3 Ra8 51. Nf6+ Kh8 52. Rxh6+ Kg7 53. Rg6+ Kh8 54. h6 Nc2 55. h7 g4+ 56. Kh2 1-0